00508nam a22001697a 450000500170000001000150001702000260003203500140005803700090007208200100008110000270009124500810011826000570019927000590025630000200031570000030033520240823110731.0 aENG-141394 a9789380190587c500.00 aEN-124926 bDBAD a658.3 aDeogharia, Vinay Kumar aHuman Resource Management in Indian Coal Industry/cBy Vinay kumar Deogharia aNew DelhibR.D. Pandey Satyam Publishing Housec2011 aN-3/25, Mohan Garden,bNew Delhie110059k011-25358642 a202p.c22cm(hb)